000 00563cam a22001577a 4500
008 180718b2004 xxu||||| |||| 00| 0 eng d
020 _a0821358944
082 _aO32 K959
245 _aTruck drivers and casual sex: an inquiry into the potential spread of HIV/AIDS in the Baltic region
_cby Marzena Kulis... [et.al]
260 _aWashington, D.C.
_bWorld Bank
_c2004
300 _a29p.
440 _aWorld Bank working paper no. 37
650 _aHIV (Viruses) - Baltic Region
650 _aAIDS (Disease) - Prevention - Baltic Region
700 _aKulis, Marzena
999 _c291154
_d291154